| 000 | 01357nam a22003377a 4500 | ||
|---|---|---|---|
| 005 | 20210325180517.0 | ||
| 008 | s2543 th tha d | ||
| 020 | _a9745717649 | ||
| 041 | _atha | ||
| 050 | _aHJ191.T5 ก763ก 2543 | ||
| 100 | 0 | _aเกริกเกียรติ พิพัฒน์เสรีธรรม | |
| 245 | 1 | 0 | _aการคลังว่าด้วยการจัดสรรและการกระจาย [7th] |
| 260 | 3 |
_aกรุงเทพฯ : _bมหาวิทยาลัยธรรมศาสตร์, _c2543 |
|
| 300 |
_a518 หน้า : _b ตาราง ; _c 26 ซม. |
||
| 650 | 0 | 4 | _aภาษี |
| 650 | 0 | 4 | _aการคลัง |
| 650 | 0 | 4 | _aภาษีการค้า |
| 650 | 0 | 4 | _aภาษีการขาย |
| 650 | 0 | 4 | _aภาษีทรัพย์สิน |
| 650 | 0 | 4 | _aภาษีเงินได้นิติบุคคล |
| 650 | 0 | 4 | _aภาษีบำรุงท้องที่ |
| 650 | 0 | 4 | _aภาษีมูลค่าเพิ่ม |
| 650 | 0 | 4 | _aอากร |
| 650 | 0 | 4 | _aภาษีรถยนต์ |
| 650 | 0 | 4 | _aรายจ่ายของรัฐ |
| 650 | 0 | 4 | _aภาษีสรรพสามิต |
| 850 | _aNALT | ||
| 942 | _cGB | ||
| 997 | _c000000000009486 | ||
| 998 | _aSAIPHON DEENGAM | ||
| 999 |
_c9486 _d9486 |
||